| 000 | 00379nam a22001457a 4500 | ||
|---|---|---|---|
| 005 | 20240328075056.0 | ||
| 008 | 240328b |||||||| |||| 00| 0 eng d | ||
| 040 | _c | ||
| 100 | _aBHAGAT, CHETAN | ||
| 245 | _aTHE 3 MISTAKES OF MY LIFE : A STORY ABOUT BUSINESS, CRICKET AND RELIGION | ||
| 250 | _a79TH | ||
| 260 |
_bRUPA,NEW DELHI _c2010 |
||
| 300 | _a257:P | ||
| 942 |
_2ddc _cBK |
||
| 999 |
_c30792 _d30792 |
||